000 00766nam a2200265 a 4500
001 BRCA_7725
005 20190320205950.0
008 300813s1953----au-a######---#000-0#ger-#
041 _ager
044 _aau
050 4 _aN5247.D8
_b.B44 1953
100 1 _aBehrman, S. N.
_919112
245 1 0 _aDuveen
_cS. N. Behrman ; illustrationen von Saul Steinberg.
260 _aViena
_bP. Zsolnay
_c1953
300 _a323 p.
_bil.
_c21 cm.
500 _aU73
600 1 4 _aDuveen, Joseph
_cbarĂ³n
_d1869-1939
_919113
650 1 4 _aArte
_xColeccionistas y colecciones
_97445
650 1 4 _aMarchands
_97443
650 1 4 _aDuveen, Hermanos
_919114
650 1 4 _aColeccionistas y colecciones
_919115
700 1 _aSteinberg, Saul
_eil.
_919116
902 _aGFM
942 _2lcc
_cB
999 _c7399
_d7399